Capital flows with debt- and equity-financed investment equilibrium structure and efficiency implications

Guardado en:
Detalles Bibliográficos
Autor principal: Razin, Assaf
Otros Autores: Sadka, Efraim, Yuen, Chi-Wa
Formato: Libro
Lenguaje:inglés
Publicado: Washington IMF 1998
Colección:IMF working paper WP/98/159
Materias:
Etiquetas: Agregar Etiqueta
Sin Etiquetas, Sea el primero en etiquetar este registro!

MARC

LEADER 00000nam a2200000 4500
001 c106909
005 20250509103930.6
041 0 |a eng 
044 |a US 
245 1 0 |a Capital flows with debt- and equity-financed investment  |b equilibrium structure and efficiency implications  |c Prepared by Assaf Razin, Efraim Sadka, and Chi-Wa Yuen 
264 1 |a Washington  |b IMF  |c 1998 
300 |a 21 s. 
490 1 |a IMF working paper  |v WP/98/159 
830 0 |a IMF working paper  |v WP/98/159 
610 2 0 |a kapitál 
610 2 0 |a investície 
610 2 0 |a financovanie investícií 
610 2 0 |a obligácie 
610 2 0 |a firmy 
610 2 0 |a modely 
610 2 0 |a informácie asymetrické 
610 2 0 |a hospodárstvo otvorené 
610 2 0 |a rovnováha 
610 2 0 |a ekvita 
610 2 0 |a investície kapitálové 
100 1 |a Razin, Assaf 
700 1 |a Sadka, Efraim 
700 1 |a Yuen, Chi-Wa